[Event "29th Czech Open B 2018"]
[Site "Pardubice CZE"]
[Date "2018.07.20"]
[Round "1.25"]
[White "Reuker, Matthias"]
[Black "Verbitsky, Jaroslaw"]
[Result "1/2-1/2"]
[WhiteElo "2085"]
[BlackElo "1865"]
[WhiteFideId "4615085"]
[BlackFideId "16214170"]
[EventDate "2018.07.20"]

1. e4 c6 2. c4 d5 3. exd5 cxd5 4. cxd5 Nf6 5. Nc3 Nxd5 6. Nf3 Nc6 7. Bb5 e6 8.
O-O a6 9. Bxc6+ bxc6 10. Qa4 Bd7 11. Ne5 Qc7 12. d4 Bd6 13. Re1 O-O 14. Nxd5
exd5 15. Nxd7 Qxd7 16. Bd2 Qb7 17. b4 Qb5 18. Qb3 Rfb8 19. Rac1 h6 20. Qc2 Rc8
21. a3 Rc7 22. Re3 Qb7 23. Rc3 Rac8 24. Qf5 Re8 25. g4 Re6 26. g5 g6 27. Qc2 h5
28. Re3 Rce7 29. Rxe6 Rxe6 30. Kg2 Be7 31. Be3 Qb5 32. h4 Kf8 1/2-1/2

[Event "29th Czech Open B 2018"]
[Site "Pardubice CZE"]
[Date "2018.07.20"]
[Round "1.26"]
[White "Neiman, Maks"]
[Black "Kourek, Josef"]
[Result "0-1"]
[WhiteElo "1864"]
[BlackElo "2080"]
[WhiteFideId "2815133"]
[BlackFideId "304107"]
[EventDate "2018.07.20"]

1. d4 Nf6 2. Nf3 g6 3. Bf4 Bg7 4. e3 d6 5. Be2 c5 6. c3 Nbd7 7. h3 a6 8. a4 b6
9. O-O Bb7 10. Nbd2 O-O 11. Qb1 Nd5 12. Bh2 Bh6 13. Rd1 f5 14. Bc4 Kh8 15. Bxd5
Bxd5 16. c4 Bg8 17. b4 Bg7 18. Ra2 Rc8 19. Rc2 Qc7 20. d5 Nf6 21. bxc5 bxc5 22.
Qa2 Rb8 23. Rb1 Rxb1+ 24. Qxb1 Rb8 25. Qa2 Rb4 26. a5 Qd7 27. Rb2 Rxb2 28. Qxb2
Nxd5 29. Qb8 Nb4 30. Bf4 h6 31. Nh4 g5 32. Ng6+ Kh7 33. Bg3 Kxg6 34. Qxg8 Nd3
35. h4 e5 36. Nf3 f4 37. Qd5 Nb4 38. Qe4+ Qf5 39. h5+ Kf6 0-1

[Event "29th Czech Open B 2018"]
[Site "Pardubice CZE"]
[Date "2018.07.20"]
[Round "1.27"]
[White "Blodig, Reinhard"]
[Black "Salykin, Aleksandr"]
[Result "1-0"]
[WhiteElo "2078"]
[BlackElo "1862"]
[WhiteFideId "4607597"]
[BlackFideId "44107730"]
[EventDate "2018.07.20"]

1. g3 d5 2. Nf3 Nf6 3. Bg2 c6 4. d3 Bg4 5. Nbd2 Nbd7 6. h3 Bh5 7. O-O e5 8. e4
dxe4 9. dxe4 Bxf3 10. Qxf3 Bc5 11. Rd1 Qc7 12. Nf1 O-O-O 13. a3 Bb6 14. b4 Nf8
15. Bd2 Ne6 16. c3 Qe7 17. Ne3 g6 18. Nc4 Bc7 19. h4 Kb8 20. a4 h5 21. Bh3 Nd7
22. Be3 f6 23. Qe2 g5 24. hxg5 fxg5 25. Bf5 Rdg8 26. Qa2 Ndf8 27. b5 c5 28. a5
Bd8 29. a6 Rg7 30. axb7 Qxb7 31. Nxe5 Bb6 32. Bxe6 Nxe6 33. Qxe6 1-0

[Event "29th Czech Open B 2018"]
[Site "Pardubice CZE"]
[Date "2018.07.20"]
[Round "1.28"]
[White "Ulrich, David"]
[Black "Lucovnik, Tilen"]
[Result "0-1"]
[WhiteElo "1861"]
[BlackElo "2077"]
[WhiteFideId "330191"]
[BlackFideId "14608960"]
[EventDate "2018.07.20"]

1. e4 d6 2. Nf3 Nf6 3. Nc3 e5 4. d4 Nbd7 5. Be2 Be7 6. O-O O-O 7. Re1 c6 8. Bc4
b5 9. Bd3 Qc7 10. Ne2 a6 11. c3 Rd8 12. h3 Nf8 13. Ng3 Ng6 14. Qc2 exd4 15. cxd4
c5 16. e5 dxe5 17. Bxg6 hxg6 18. dxc5 Qxc5 19. Qxc5 Bxc5 20. Nxe5 Bb7 21. Be3
Bb4 22. Red1 Nd5 23. Bd2 Bxd2 24. Rxd2 Nf4 25. Rxd8+ Rxd8 26. Nf3 Nxh3+ 27. gxh3
Bxf3 28. Nf1 Rd3 29. Ne3 Rd2 30. b3 Rb2 31. Kh2 Be4 32. Kg3 g5 33. f3 Rb1 34.
Rxb1 Bxb1 35. a3 f6 36. b4 Ba2 37. h4 gxh4+ 38. Kxh4 g5+ 39. Kg3 Be6 40. f4 Kf7
41. f5 Bc8 42. Kg4 Bb7 43. Nc2 Ke7 44. Nd4 Kd6 45. Nb3 Bc8 46. Nc5 Ke5 47. Nd3+
Kd5 48. Nc5 a5 49. Nd3 a4 50. Nf2 Kd4 51. Nd1 Ke5 52. Ne3 Ke4 53. Nd1 Bxf5+ 54.
Kg3 Kd3 55. Kf3 Be4+ 56. Kg4 Kc2 57. Nf2 Bg6 58. Kg3 Kb3 59. Ng4 f5 60. Ne5 Bh5 0-1

[Event "29th Czech Open B 2018"]
[Site "Pardubice CZE"]
[Date "2018.07.20"]
[Round "1.29"]
[White "Drozdowski, Konrad"]
[Black "Kong, Ren En"]
[Result "1/2-1/2"]
[WhiteElo "2076"]
[BlackElo "1859"]
[WhiteFideId "1106279"]
[BlackFideId "5718074"]
[EventDate "2018.07.20"]

1. c4 c5 2. Nc3 g6 3. Nf3 Bg7 4. g3 Nc6 5. Bg2 d6 6. O-O e5 7. d3 Nge7 8. Ne1
Be6 9. f4 O-O 10. fxe5 dxe5 11. Be3 b6 12. Nc2 Rc8 13. Bf2 Nf5 14. Ne3 Nxe3 15.
Bxe3 f5 16. Qd2 Qd7 17. Rad1 Nd4 18. Bxd4 cxd4 19. Nd5 h6 20. b3 Kh7 21. e3 Bxd5
22. Bxd5 1/2-1/2

[Event "29th Czech Open B 2018"]
[Site "Pardubice CZE"]
[Date "2018.07.20"]
[Round "1.30"]
[White "Killmann, Martin"]
[Black "Loecken, Siegfried"]
[Result "1-0"]
[WhiteElo "1855"]
[BlackElo "2076"]
[WhiteFideId "24651559"]
[BlackFideId "24648159"]
[EventDate "2018.07.20"]

1. d4 Nf6 2. c4 e5 3. dxe5 Ng4 4. Bf4 Nc6 5. Nf3 Bb4+ 6. Nbd2 Qe7 7. e3 Ngxe5 8.
Be2 d6 9. O-O Bxd2 10. Qxd2 O-O 11. Nd4 Bd7 12. Bg3 Rad8 13. b4 Ng6 14. Bf3 Nge5
15. Bd5 Be6 16. Rac1 Rb8 17. Nxe6 fxe6 18. Be4 Nd7 19. Bxc6 bxc6 20. c5 Ne5 21.
Qd4 a5 22. cxd6 cxd6 23. Bxe5 dxe5 24. Qxe5 Rb5 25. Qe4 Rxb4 26. Qxc6 Rb2 27.
Rc2 Rfb8 28. Rxb2 Rxb2 29. Qa8+ Kf7 30. Qxa5 Qf6 31. Qc7+ Kg6 32. Qg3+ Kf7 33.
a4 Ra2 34. a5 e5 35. f4 e4 36. f5 Qc3 37. Qf4 Rxa5 38. Qxe4 Re5 39. Qb7+ Kf6 40.
Qa6+ Kf7 41. f6 Qxe3+ 42. Kh1 g5 43. Qb7+ Kg6 44. Qg7+ Kh5 45. Qxh7+ Kg4 46.
Qh3+ 1-0

[Event "29th Czech Open B 2018"]
[Site "Pardubice CZE"]
[Date "2018.07.21"]
[Round "2.1"]
[White "Koehler, Inken"]
[Black "Kuzmin, G."]
[Result "1-0"]
[WhiteElo "1991"]
[BlackElo "2298"]
[WhiteFideId "12929301"]
[BlackFideId "4132041"]
[EventDate "2018.07.20"]

1. e4 g6 2. d4 Bg7 3. Nc3 d6 4. Be3 a6 5. f4 b5 6. Bd3 Nf6 7. Nf3 b4 8. Ne2 Bb7
9. Ng3 h5 10. e5 Ng4 11. Bd2 e6 12. Ne4 Bxe4 13. Bxe4 d5 14. Bd3 Qe7 15. Qe2 c5
16. dxc5 Qxc5 17. h3 Nh6 18. Be3 Qc8 19. a3 bxa3 20. Rxa3 Bf8 21. Bb5+ Nd7 22.
Rxa6 Rxa6 23. Bxa6 Qc7 24. O-O Nf5 25. Bf2 Bc5 26. Kh2 h4 27. Bb5 Bxf2 28. Qxf2
Kf8 29. Ra1 Kg7 30. Ra7 Qc5 31. Qxc5 Nxc5 32. Ng5 Rb8 33. b4 Rxb5 34. bxc5 Rb1
35. Rxf7+ Kg8 36. Rh7 Rc1 37. c6 Rxc2 38. c7 Ng7 39. Rxh4 Rxc7 40. Rh6 d4 41.
Rxg6 d3 42. Nxe6 d2 43. Nxc7 d1=Q 44. Ne6 Kf7 45. Rf6+ Kg8 46. Rf8+ Kh7 47. Ng5+ 1-0

[Event "29th Czech Open B 2018"]
[Site "Pardubice CZE"]
[Date "2018.07.21"]
[Round "2.2"]
[White "Gabr, Mohsen"]
[Black "Bares, Jachym"]
[Result "1-0"]
[WhiteTitle "FM"]
[WhiteElo "2287"]
[BlackElo "1986"]
[WhiteFideId "10619593"]
[BlackFideId "345075"]
[EventDate "2018.07.20"]

1. Nf3 d5 2. g3 c6 3. Bg2 Nf6 4. O-O Nbd7 5. d4 e6 6. Nbd2 Bd6 7. c4 O-O 8. b3
e5 9. dxe5 Nxe5 10. cxd5 Nxd5 11. Bb2 Re8 12. Qc2 Qe7 13. Rad1 Nb4 14. Qb1 Bg4
15. a3 Nd5 16. Qa2 f6 17. h3 Bh5 18. Ne4 Bc7 19. Nc3 Nxf3+ 20. Bxf3 Bxf3 21.
exf3 Nxc3 22. Bxc3 Rad8 23. Kg2 Bb6 24. Qb2 Rxd1 25. Rxd1 Qe2 26. Rd2 Qe6 27. b4
Qc4 28. Rc2 Qd5 29. h4 Qf5 30. a4 Rd8 31. Rd2 Rd3 32. Rxd3 Qxd3 33. b5 cxb5 34.
axb5 Qd5 35. Qe2 Kf7 36. Bb4 Bc5 37. Ba5 Qe6 38. Qc2 Bb6 39. Bb4 h6 40. Qd3 Kg8
41. Bd2 f5 42. Kf1 Bc5 43. Bc3 Qb3 44. Kg2 Bb6 45. Qd2 Qxb5 46. Qa2+ Kf8 47. Qe6
Qc5 48. Be1 a5 49. Qb3 Qd4 50. Kh3 a4 51. Qc2 Qd7 52. Qc4 Bd8 53. g4 Be7 54. Bc3
b5 55. Qf4 Bd6 56. Qd4 fxg4+ 57. fxg4 Qe7 58. g5 Qe6+ 59. Kg2 Qe7 60. gxh6 gxh6
61. Qh8+ Kf7 62. Qg7+ Ke8 63. Qg6+ Kd7 64. Qf5+ Kc6 65. Qc8+ Kd5 66. Qf5+ Kc4
67. Bf6 Qe2 68. Qc8+ Bc5 69. Qg8+ Kb4 70. Qg3 Qxf2+ 71. Qxf2 Bxf2 72. Kxf2 h5
73. Ke3 Kb3 74. Kd2 b4 75. Be7 Kc4 76. Kc2 a3 77. Bf8 b3+ 78. Kb1 a2+ 79. Kb2
Kb5 80. Bg7 Kb4 81. Bf6 Ka4 82. Bc3 a1=Q+ 83. Kxa1 Kb5 84. Kb2 Kc4 85. Be1 1-0

[Event "29th Czech Open B 2018"]
[Site "Pardubice CZE"]
[Date "2018.07.21"]
[Round "2.3"]
[White "Yanjinlkham, Bayarsaikhan"]
[Black "Filipenko, Alexander V"]
[Result "1-0"]
[WhiteTitle "WFM"]
[BlackTitle "IM"]
[WhiteElo "1984"]
[BlackElo "2266"]
[WhiteFideId "4901452"]
[BlackFideId "4104471"]
[EventDate "2018.07.20"]

1. d4 d5 2. c4 c6 3. Nf3 Nf6 4. Qc2 g6 5. cxd5 cxd5 6. Nc3 Nc6 7. Bf4 Bg7 8. e3
O-O 9. h3 Bf5 10. Qb3 Na5 11. Qa3 a6 12. Ne5 Rc8 13. g4 Be6 14. b4 Nc4 15. Nxc4
dxc4 16. Bg2 Nd5 17. Bg3 f5 18. gxf5 gxf5 19. Rg1 Kh8 20. O-O-O a5 21. b5 Qd7
22. Be5 Bf6 23. Bxd5 Bxd5 24. Nxd5 Qxd5 25. Qxe7 Qf7 26. Bxf6+ Qxf6 27. Qxf6+
Rxf6 28. Kc2 Re8 29. Kc3 f4 30. Kxc4 fxe3 31. fxe3 Rf3 32. e4 Rf4 33. Rde1 Rfxe4
34. Rxe4 Rxe4 35. Kc5 Re3 36. d5 Rxh3 37. Rd1 1-0

[Event "29th Czech Open B 2018"]
[Site "Pardubice CZE"]
[Date "2018.07.21"]
[Round "2.4"]
[White "Mirzoeva, Elmira"]
[Black "Paldus, Petr"]
[Result "1-0"]
[WhiteTitle "WGM"]
[WhiteElo "2249"]
[BlackElo "1982"]
[WhiteFideId "4127951"]
[BlackFideId "317950"]
[EventDate "2018.07.20"]

1. d4 d5 2. c4 e6 3. Nc3 f5 4. Nf3 Nf6 5. Bf4 c6 6. e3 Be7 7. h3 O-O 8. Bd3 Ne4
9. O-O Bd7 10. Qb3 Qb6 11. c5 Qxb3 12. axb3 Be8 13. b4 Nd7 14. b5 g5 15. bxc6
bxc6 16. Bc7 Bh5 17. Ba6 Bxf3 18. gxf3 Nd2 19. Rfd1 Nxf3+ 20. Kg2 Nh4+ 21. Kf1
e5 22. Bb7 f4 23. Bxc6 Rac8 24. Nxd5 Rxc7 25. Nxc7 fxe3 26. Ke2 exd4 27. fxe3
d3+ 28. Rxd3 Nxc5 29. Rd2 Nf3 30. Bd5+ 1-0

[Event "29th Czech Open B 2018"]
[Site "Pardubice CZE"]
[Date "2018.07.21"]
[Round "2.5"]
[White "Ilandzis, Spyridon"]
[Black "Aliferenko, Aleksei"]
[Result "0-1"]
[WhiteElo "1980"]
[BlackElo "2211"]
[WhiteFideId "4200276"]
[BlackFideId "14111977"]
[EventDate "2018.07.20"]

1. d4 Nf6 2. c4 d6 3. Nf3 g6 4. Nc3 Bf5 5. Qb3 Qc8 6. g3 Bg7 7. Bg2 Nc6 8. d5
Nd8 9. Nd4 Bh3 10. O-O h5 11. Nf3 h4 12. Nd1 hxg3 13. fxg3 Bxg2 14. Kxg2 c6 15.
Nf2 b5 16. cxb5 cxd5 17. Bg5 Qb7 18. Rfd1 d4 19. Kg1 Ne6 20. Rac1 Rh5 21. h4 Ne4
22. Nxe4 Qxe4 23. Qc2 f5 24. Qc6+ Kf7 25. Bd2 Rhh8 26. Qxe4 fxe4 27. Ng5+ Nxg5
28. Bxg5 Be5 29. Rc7 Rhe8 30. Kg2 Ke6 31. a4 Kd5 32. Bxe7 Rec8 33. Rdc1 d3 34.
exd3 exd3 35. Bg5 Rxc7 36. Rxc7 Bxb2 37. Kf1 Bd4 38. Bf4 Re8 39. Rd7 Bc5 40. Rg7
Re6 41. a5 Be3 42. Rxg6 Rxg6 43. Bxe3 Rxg3 44. Kf2 Rh3 45. a6 Rh2+ 0-1

[Event "29th Czech Open B 2018"]
[Site "Pardubice CZE"]
[Date "2018.07.21"]
[Round "2.6"]
[White "Taranenko, Evgueniy"]
[Black "Thomson, Neil"]
[Result "1-0"]
[WhiteElo "2204"]
[BlackElo "1982"]
[WhiteFideId "14122138"]
[BlackFideId "2402246"]
[EventDate "2018.07.20"]

1. a3 g6 2. Nc3 Bg7 3. e4 d6 4. Bc4 Nf6 5. d3 O-O 6. f4 c6 7. Nf3 d5 8. Ba2 dxe4
9. dxe4 Qxd1+ 10. Kxd1 Nbd7 11. e5 Ng4 12. Ke2 Nc5 13. h3 Nh6 14. Be3 Ne6 15. g4
Kh8 16. Ne4 f5 17. exf6 exf6 18. Nd6 Bd7 19. Rad1 Rab8 20. f5 Ng5 21. Bxg5 fxg5
22. Nxg5 Be8 23. Ne6 gxf5 24. Nxf8 Bxf8 25. Nxe8 Rxe8+ 26. Kf3 Bc5 27. Rd3 fxg4+
28. hxg4 Rf8+ 29. Kg3 Bf2+ 30. Kh3 Nf7 31. Bxf7 Rxf7 32. Rf1 Rf6 33. g5 Rf8 34.
Kg2 1-0

[Event "29th Czech Open B 2018"]
[Site "Pardubice CZE"]
[Date "2018.07.21"]
[Round "2.7"]
[White "Brenninger, Daniel"]
[Black "Smirnov, Boris"]
[Result "1/2-1/2"]
[WhiteElo "1975"]
[BlackElo "2200"]
[WhiteFideId "864129"]
[BlackFideId "4149971"]
[EventDate "2018.07.20"]

1. d4 Nf6 2. c4 g6 3. Nc3 Bg7 4. e4 d6 5. h3 O-O 6. Nf3 c5 7. Be3 cxd4 8. Nxd4
Nbd7 9. Be2 Nc5 10. Qc2 Qc7 11. O-O a6 12. Rac1 b6 13. b4 Ne6 14. Rfd1 Bb7 15.
f3 Rac8 16. Nxe6 fxe6 17. Qb3 Kh8 18. c5 bxc5 19. bxc5 d5 20. c6 Bxc6 21. exd5
exd5 22. Bxa6 Rb8 23. Bb5 Bxb5 24. Nxb5 Qd7 25. a4 e5 26. Bc5 Rfc8 27. Qa3 Bh6
28. Rb1 d4 29. Nd6 Rf8 30. Ne4 Nd5 31. Bxf8 Rxf8 32. Rb3 Ra8 33. Qd6 Qxd6 34.
Nxd6 Be3+ 35. Kh1 Rxa4 36. Nf7+ Kg7 37. Nxe5 h5 38. Nc6 Nc3 39. Re1 Nd5 40. Rd3
Nf4 41. Rdd1 Ra2 42. Nxd4 Nxg2 43. Re2 Rxe2 44. Nxe2 Nh4 45. Nc3 Kf7 46. Rd3 Bf4
47. Kg1 Ke6 48. Kf2 g5 49. Ne2 Be5 50. Ra3 Bc7 51. Ra6+ Kf5 52. Nd4+ Ke5 53. Nb5
Bd8 54. Rh6 Nf5 55. Rxh5 Bb6+ 56. Kg2 Kf4 57. Nc3 Ne3+ 58. Kh2 Kxf3 59. Rxg5 1/2-1/2

[Event "29th Czech Open B 2018"]
[Site "Pardubice CZE"]
[Date "2018.07.21"]
[Round "2.8"]
[White "Suchomelova, Simona"]
[Black "Doberitz, Paul"]
[Result "0-1"]
[WhiteElo "1968"]
[BlackElo "2178"]
[WhiteFideId "348864"]
[BlackFideId "24646130"]
[EventDate "2018.07.20"]

1. e4 c5 2. Nf3 d6 3. d4 Nf6 4. Nc3 cxd4 5. Nxd4 g6 6. g3 Bg7 7. Bg2 O-O 8. h3
Nc6 9. Nde2 Bd7 10. O-O a5 11. a4 Rc8 12. Nd5 Nxd5 13. exd5 Ne5 14. Ra2 e6 15.
f4 Nc4 16. b3 Qb6+ 17. Kh2 Ne3 18. Bxe3 Qxe3 19. c4 e5 20. Rf3 Qb6 21. fxe5 Bxe5
22. Nf4 Rce8 23. Re2 Bxf4 24. gxf4 Rxe2 25. Qxe2 Re8 26. Qf2 Qxf2 27. Rxf2 Bf5
28. Rb2 Bd3 29. Bf3 b6 30. b4 Bxc4 31. bxa5 bxa5 32. Rb6 Re3 33. Kg2 Ra3 34.
Rxd6 Rxa4 35. Kg3 Ra3 36. Kf2 Kf8 37. Rd7 a4 38. Ra7 Rd3 39. Rxa4 Bxd5 40. Bxd5
Rxd5 41. Ra3 Kg7 42. Ke3 h6 43. Ke4 Rb5 44. Rc3 Rh5 45. Ra3 Rh4 46. Ke5 g5 47.
fxg5 hxg5 48. Kf5 Kh6 49. Rf3 f6 50. Ke6 Rf4 51. Ra3 Kg6 52. Re3 Kh5 53. Kf7 f5
54. Kf6 g4 55. hxg4+ fxg4+ 56. Ke5 Rf1 57. Kd4 Kh4 58. Re4 Kh3 59. Re8 Rd1+ 0-1

[Event "29th Czech Open B 2018"]
[Site "Pardubice CZE"]
[Date "2018.07.21"]
[Round "2.9"]
[White "Pekar, Vaclav"]
[Black "Otruba, Marek"]
[Result "1-0"]
[WhiteElo "2162"]
[BlackElo "1975"]
[WhiteFideId "323799"]
[BlackFideId "382418"]
[EventDate "2018.07.20"]

1. d4 Nf6 2. Bg5 e6 3. Nd2 d5 4. e3 Be7 5. Bd3 b6 6. Ngf3 c5 7. c3 O-O 8. Ne5 a5
9. Qf3 Ba6 10. Bc2 cxd4 11. exd4 Qc7 12. Qh3 h6 13. Bf4 Bd6 14. O-O-O Nc6 15.
Qe3 b5 16. Rhe1 b4 17. Bxh6 Bxe5 18. Bxg7 Bf4 19. Bxf6 Bxe3 20. Rxe3 Ne7 21. Rh3
Ng6 22. Bxg6 fxg6 23. Rh8+ Kf7 24. Rh7+ Kxf6 25. Rxc7 Rfc8 26. Rxc8 Rxc8 27. Kc2
Bb5 28. Re1 a4 29. Re3 Kf5 30. Nf3 Bf1 31. g3 bxc3 32. Rxc3 Rxc3+ 33. Kxc3 Be2
34. Ne5 g5 35. f3 1-0

[Event "29th Czech Open B 2018"]
[Site "Pardubice CZE"]
[Date "2018.07.21"]
[Round "2.10"]
[White "Fabregas, Oliver"]
[Black "Gramb, Marius"]
[Result "0-1"]
[WhiteElo "1955"]
[BlackElo "2123"]
[WhiteFideId "4609719"]
[BlackFideId "24656593"]
[EventDate "2018.07.20"]

1. Nf3 c5 2. e4 d6 3. d3 Nf6 4. g3 e5 5. Bg2 Be7 6. O-O h6 7. c3 O-O 8. a4 Nc6
9. Na3 Be6 10. h3 Qd7 11. Kh2 Rfe8 12. Re1 Rad8 13. c4 Rb8 14. b3 a6 15. Bd2 Qc7
16. Nh4 Nd4 17. Bc3 Bd7 18. Bxd4 cxd4 19. b4 b5 20. cxb5 axb5 21. Rc1 Qb7 22. a5
d5 23. Qb3 dxe4 24. dxe4 Be6 25. Qb1 Red8 26. Nf5 Bf8 27. Bf1 Bd7 28. Bd3 g6 29.
Nh4 Qa6 30. Nf3 Qe6 31. Ng1 Bd6 32. Qb2 Qe7 33. Nc2 Ne8 34. Ne2 Qe6 35. Ng1 Nc7
36. Rb1 Na6 37. Rf1 Rdc8 38. Kg2 Rc3 39. Rfd1 Rbc8 40. Kh2 Kh7 41. Kg2 Bc6 42.
Kh2 Qf6 43. f3 Bd7 44. Kg2 Qe6 45. Rd2 Be7 46. h4 Qc6 47. Na3 Qb7 48. Nc2 Qc7
49. Na3 Rb8 50. Nc2 Be6 51. Ne2 Rb3 52. Qc1 Rxb1 53. Qxb1 Bc4 54. Nc1 f6 55. Qb2
Qd6 56. f4 Nxb4 57. fxe5 fxe5 58. Nxb4 Qxb4 59. Qc2 Qxa5 60. Rf2 Qb4 61. Na2 Qc5
62. Qe2 Rf8 63. Nc1 Kg7 64. h5 Rxf2+ 65. Kxf2 Bg5 66. Na2 gxh5 67. Kg2 Kg6 68.
Qc2 Be3 69. Nc1 Qb4 70. Na2 Qd2+ 0-1

[Event "29th Czech Open B 2018"]
[Site "Pardubice CZE"]
[Date "2018.07.21"]
[Round "2.11"]
[White "Boehning, Kilian"]
[Black "Pollock, Andy"]
[Result "1-0"]
[WhiteElo "2122"]
[BlackElo "1955"]
[WhiteFideId "1270499"]
[BlackFideId "460672"]
[EventDate "2018.07.20"]

1. d4 d5 2. Nf3 Nf6 3. Bf4 c5 4. e3 Nc6 5. c3 Qb6 6. Qb3 c4 7. Qc2 Bf5 8. Qc1 e6
9. Nbd2 Qd8 10. Nh4 Bg6 11. Nxg6 hxg6 12. e4 Be7 13. Be2 b5 14. Bf3 dxe4 15.
Nxe4 Nd5 16. Bg3 f5 17. Nc5 Kf7 18. O-O g5 19. h3 f4 20. Bh2 Bxc5 21. dxc5 Ne5
22. Be4 Rc8 23. b4 Qf6 24. Rd1 Rhd8 25. h4 Nd3 26. hxg5 Qxg5 27. Bxd3 cxd3 28.
Rxd3 Rh8 29. Rf3 Rh4 30. c4 Rch8 31. cxd5 Rxh2 32. Qxf4+ Qxf4 33. Rxf4+ Ke7 34.
d6+ Ke8 35. Kf1 Rh1+ 36. Ke2 Rxa1 37. Kd2 Rxa2+ 38. Kc3 Rf8 39. d7+ Kxd7 40.
Rxf8 Ke7 41. Rg8 Kf7 42. Ra8 Ke7 43. f3 e5 44. Kb3 Ra1 45. Rb8 a6 46. Rb7+ Kf6
47. Rd7 g5 48. Rd6+ Kf7 49. Rb6 g4 50. fxg4 Rg1 51. Rxa6 Rxg2 52. Rb6 Rg3+ 53.
Kc2 Rxg4 54. Rxb5 Ke7 55. Kd3 Kd7 56. Rb6 Rd4+ 57. Kc3 Rh4 58. b5 e4 59. c6+ Kc8
60. Rb7 e3 61. Re7 Rh1 62. Kb4 Rb1+ 63. Kc5 Rd1 64. Kb6 Rd8 65. Ra7 Kb8 66. c7+
Kc8 67. Ra8+ 1-0

[Event "29th Czech Open B 2018"]
[Site "Pardubice CZE"]
[Date "2018.07.21"]
[Round "2.12"]
[White "Balenovic, Zvonimir"]
[Black "Zuziak, Petr"]
[Result "1-0"]
[WhiteTitle "FM"]
[WhiteElo "2114"]
[BlackElo "1947"]
[WhiteFideId "14501252"]
[BlackFideId "366080"]
[EventDate "2018.07.20"]

1. e4 e5 2. Nf3 Nc6 3. d4 exd4 4. c3 d5 5. exd5 Qxd5 6. cxd4 Bg4 7. Be2 O-O-O 8.
Nc3 Qh5 9. Be3 Nf6 10. h3 Bb4 11. Rg1 Bxf3 12. Bxf3 Qa5 13. Kf1 Rd6 14. Ne2 Qb5
15. g3 Nxd4 16. Bxd4 Rhd8 17. Kg2 Bc5 18. a4 Qa5 19. Bc3 Bb4 20. Qb3 Rb6 21.
Rgd1 Bd6 22. Bxa5 Rxb3 23. Bc3 Re8 24. Nd4 Rb6 25. a5 Ra6 26. Re1 Be5 27. Nb5
Bxc3 28. Rxe8+ Nxe8 29. Nxc3 Nd6 30. b4 Nf5 31. Bg4 g6 32. Nd5 Re6 33. Nf4 Re4
34. Rb1 Kd7 35. Bf3 Rc4 36. Bxb7 g5 37. Nd5 c6 38. Nf6+ Kc7 39. Ba6 Rc3 40. Ne4
Rc2 41. Bd3 Ne3+ 42. Kf3 1-0

[Event "29th Czech Open B 2018"]
[Site "Pardubice CZE"]
[Date "2018.07.21"]
[Round "2.13"]
[White "Vakulenko, Oleksandr"]
[Black "Slonimskij, Arkadij"]
[Result "1-0"]
[WhiteElo "1941"]
[BlackElo "2114"]
[WhiteFideId "14156130"]
[BlackFideId "4113420"]
[EventDate "2018.07.20"]

1. e4 Nf6 2. e5 Nd5 3. d4 d6 4. Nf3 Bg4 5. Be2 c6 6. O-O Bxf3 7. Bxf3 dxe5 8.
dxe5 e6 9. Nd2 Nd7 10. Re1 Be7 11. g3 O-O 12. a4 Qb8 13. Qe2 a5 14. Bg2 Rd8 15.
Nc4 Nf8 16. c3 Qc7 17. Kh1 Bc5 18. f4 Nb6 19. Ne3 Rd7 20. h4 Rad8 21. h5 Rd3 22.
Be4 R3d7 23. h6 g6 24. Ng4 Be7 25. Be3 Nd5 26. Bd4 c5 27. Bg1 f5 28. exf6 Nxf6
29. Nxf6+ Bxf6 30. Qc4 b6 31. Be3 Kh8 32. g4 Bh4 33. Rf1 g5 34. fxg5 Qg3 35. Qe2
Qh3+ 36. Kg1 Qg3+ 37. Bg2 Qe5 38. Bd4 1-0

[Event "29th Czech Open B 2018"]
[Site "Pardubice CZE"]
[Date "2018.07.21"]
[Round "2.14"]
[White "Mulenko, Alexander"]
[Black "Ochirbat, Lkhagvajamts"]
[Result "1/2-1/2"]
[BlackTitle "CM"]
[WhiteElo "2109"]
[BlackElo "1933"]
[WhiteFideId "24105430"]
[BlackFideId "4903153"]
[EventDate "2018.07.20"]

1. Nf3 Nf6 2. c4 g6 3. g3 c6 4. Bg2 Bg7 5. O-O O-O 6. Nc3 d5 7. cxd5 cxd5 8. d4
b6 9. Bf4 Bb7 10. Rc1 Nc6 11. Ne5 Rc8 12. Nxc6 Bxc6 13. Be5 e6 14. Qd3 Qd7 15.
Rc2 Ne8 16. Bxg7 Kxg7 17. Rfc1 Nd6 18. b3 Bb7 19. e3 Rc7 20. Ne2 Rxc2 21. Rxc2
Rc8 22. Rxc8 Qxc8 23. Qc3 Ba6 24. Qxc8 Nxc8 25. Nc3 Nd6 26. f4 f5 27. Kf2 Kf6
28. h3 h5 29. Bf3 Bd3 30. g4 hxg4 31. hxg4 Nb5 32. g5+ Ke7 33. Nxb5 Bxb5 34. Ke1
Kd6 35. Kd2 Kc7 36. Kc3 Kd6 37. Bd1 a5 38. b4 Ke7 39. Bc2 Kd6 40. bxa5 bxa5 41.
Bd1 Ke7 42. Kb3 Kd6 43. Ka3 Kc7 44. Bc2 Kb6 45. Bd1 Kc7 1/2-1/2

[Event "29th Czech Open B 2018"]
[Site "Pardubice CZE"]
[Date "2018.07.21"]
[Round "2.15"]
[White "Husarik, Branko"]
[Black "Trost, Edvin"]
[Result "1/2-1/2"]
[WhiteElo "2096"]
[BlackElo "1925"]
[WhiteFideId "324140"]
[BlackFideId "1729519"]
[EventDate "2018.07.20"]

1. b4 d5 2. Bb2 Bf5 3. e3 e6 4. b5 Nf6 5. f4 Nbd7 6. Nf3 Bd6 7. Be2 h6 8. O-O
O-O 9. Ne5 Qb8 10. Rf3 c6 11. Nxd7 Nxd7 12. Rg3 f6 13. Bg4 Qe8 14. Bxf5 exf5 15.
Nc3 Nc5 16. Ne2 Ne4 17. Rh3 Bb4 18. bxc6 bxc6 19. d3 Nd6 20. Rb1 1/2-1/2

[Event "29th Czech Open B 2018"]
[Site "Pardubice CZE"]
[Date "2018.07.21"]
[Round "2.16"]
[White "Galicek, Stanislav"]
[Black "Flek, Vladislav"]
[Result "1-0"]
[WhiteElo "2089"]
[BlackElo "1922"]
[WhiteFideId "316342"]
[BlackFideId "318175"]
[EventDate "2018.07.20"]

1. d4 Nf6 2. c4 e6 3. Nc3 Bb4 4. e3 b6 5. Ne2 c5 6. a3 Bxc3+ 7. Nxc3 O-O 8. d5
d6 9. Be2 e5 10. e4 Ne8 11. O-O Qe7 12. Bd3 Nd7 13. Qc2 h6 14. Be3 g5 15. g3 Kg7
16. f4 f6 17. Kh1 Nc7 18. Qe2 Qe8 19. Rf2 Qg6 20. Raf1 Bb7 21. h4 g4 22. h5 Qh7
23. Qxg4+ Kh8 24. Qf5 Qxf5 25. exf5 Rg8 26. Kh2 Raf8 27. Kh3 b5 28. b3 bxc4 29.
bxc4 Ba6 30. a4 Rb8 31. Nb5 Bxb5 32. axb5 Rb7 33. Ra1 Kh7 34. Rfa2 Ra8 35. Bd2
Ne8 36. Kh4 Ng7 37. Ra6 Ne8 38. Kg4 Kg7 39. Bc3 Kf7 40. Kf3 Ke7 41. R6a2 Nc7 42.
Bd2 Kf7 43. Kf2 Kg7 44. Be2 Kh7 45. Bd1 Kg7 46. Ba5 Ne8 47. Kf3 Kf7 48. Rh2 Ng7
49. Be2 Re8 50. Bc3 Re7 51. Bd3 Ne8 52. Rha2 Nb8 53. Bd2 Kg7 54. g4 Kh7 55. g5
exf4 56. gxf6 Nxf6 57. Bxf4 Rbd7 58. Rg2 Rg7 59. Rg6 Rxg6 60. hxg6+ Kg7 61. Re1
Ng8 62. Re6 Nf6 63. Bd2 Rb7 64. Bc3 Nd7 65. Rxd6 1-0